[Event "OP-2019-0-04787"]
[Site "LSS email"]
[Date "2019.06.03"]
[Round "?"]
[White "Richter, Klaus"]
[Black "Sofia, Gerardo"]
[Result "1/2-1/2"]
[WhiteElo "1752"]
[BlackElo "1580"]
[PlyCount "78"]
[EventDate "2019.05.24"]
[EventType "tourn (corr)"]
[EventRounds "4"]
[EventCountry "GER"]
[SourceTitle "Corr 2022"]
[Source "ChessBase"]
[SourceDate "2021.10.24"]
[SourceVersion "1"]
[SourceVersionDate "2021.10.24"]
[SourceQuality "1"]

1. d4 d5 2. e4 dxe4 3. Nc3 Nf6 4. f3 exf3 5. Nxf3 Bg4 6. h3 Bxf3 7. Qxf3 c6 8. g4 Qxd4 9. Be3 Qd6 10. g5 Nd5 11. 0-0-0 e6 12. Ne4 Qc7 13. Bd4 Nd7 14. Kb1 Ne5 15. Qf2 Ng6 16. h4 h6 17. h5 hxg5 18. Nxg5 Ngf4 19. c4 Nf6 20. Be3 e5 21. Bxf4 exf4 22. Bd3 Be7 23. Qe2 Rd8 24. Rhe1 Rd6 25. Nxf7 Kxf7 26. Bg6+ Kf8 27. c5 Rxd1+ 28. Rxd1 Nd7 29. Re1 Qe5 30. Qxe5 Nxe5 31. Rxe5 f3 32. b4 f2 33. Rf5+ Bf6 34. Rxf2 Ke7 35. Kc2 a5 36. a3 a4 37. Kb1 Kd8 38. Re2 Kd7 39. Rd2+ Kc7 1/2-1/2

[Event "RC-2019-0-00230"]
[Site "LSS email"]
[Date "2019.05.30"]
[Round "?"]
[White "Richter, Klaus"]
[Black "Linart, Ludvik"]
[Result "1/2-1/2"]
[WhiteElo "1721"]
[BlackElo "1760"]
[PlyCount "195"]
[EventDate "2019.01.31"]
[EventType "tourn (corr)"]
[EventRounds "6"]
[EventCountry "GER"]
[SourceTitle "Corr 2022"]
[Source "ChessBase"]
[SourceDate "2021.10.24"]
[SourceVersion "1"]
[SourceVersionDate "2021.10.24"]
[SourceQuality "1"]

1. d4 Nf6 2. f3 d5 3. e4 dxe4 4. Nc3 exf3 5. Nxf3 g6 6. Bc4 Bg7 7. 0-0 0-0 8. Qe1 Nc6 9. Qh4 Ng4 10. Kh1 Nxd4 11. Bg5 Nxf3 12. Rxf3 Nf6 13. Rd1 Qe8 14. Nd5 Nxd5 15. Bxd5 Be6 16. Bxe7 Bxd5 17. Rxd5 Qc6 18. Rc5 Rfd8 19. Rf1 Rd4 20. Rxc6 Rxh4 21. Bxh4 bxc6 22. b3 Re8 23. g4 Re2 24. Re1 Rxe1+ 25. Bxe1 Be5 26. Kg2 Kg7 27. Bh4 Bd6 28. h3 f6 29. Bf2 a6 30. Kf3 Kf7 31. Ke4 Ke6 32. Be3 Be5 33. c4 Bd6 34. Bd2 Be5 35. Be3 f5+ 36. gxf5+ gxf5+ 37. Kf3 Bd6 38. Bd4 Be5 39. Be3 Bh2 40. Bd4 Bd6 41. Be3 Kf7 42. Bd4 Ke6 43. Be3 Ke5 44. Bf2 Kf6 45. Bd4+ Kf7 46. Bc3 Ke6 47. Bd4 Kd7 48. Be3 Bh2 49. h4 h5 50. Bg5 Bd6 51. Bd2 Ke6 52. Be3 Be7 53. Bf2 Bf6 54. Kf4 Be7 55. Kf3 Bb4 56. Bg3 Bd6 57. Be1 Be5 58. Bd2 Kf6 59. Bg5+ Ke6 60. Bd2 Kd7 61. Bg5 Bc3 62. Be3 Be5 63. Bg5 Bd6 64. Bd2 Ke7 65. Bg5+ Ke6 66. Be3 Bb4 67. Bf4 Be7 68. Bg3 Kd7 69. Be1 Bd8 70. b4 c5 71. b5 axb5 72. cxb5 c4 73. Kf4 Ke6 74. a4 Bf6 75. a5 c3 76. a6 c2 77. Bd2 Bd4 78. Bc1 Kd5 79. Kxf5 Kc4 80. Ke4 Bf2 81. Bg5 Kc3 82. Bf4 Kc4 83. Bg5 Kxb5 84. Kd3 Kxa6 85. Kxc2 c5 86. Kd3 Kb5 87. Be7 c4+ 88. Kc3 Bg3 89. Kd4 Bf2+ 90. Kc3 Bg3 91. Kd4 Be1 92. Ke4 Ka4 93. Bf6 Kb3 94. Kf5 Bc3 95. Bg5 Kb2 96. Kg6 Bd4 97. Kxh5 c3 98. Kg6 1/2-1/2

[Event "RC-2019-0-00230"]
[Site "LSS email"]
[Date "2019.05.28"]
[Round "?"]
[White "Kraujunas, Vladas"]
[Black "Richter, Klaus"]
[Result "1-0"]
[WhiteElo "1832"]
[BlackElo "1721"]
[PlyCount "129"]
[EventDate "2019.01.31"]
[EventType "tourn (corr)"]
[EventRounds "6"]
[EventCountry "GER"]
[SourceTitle "Corr 2022"]
[Source "ChessBase"]
[SourceDate "2021.10.24"]
[SourceVersion "1"]
[SourceVersionDate "2021.10.24"]
[SourceQuality "1"]

1. e4 e5 2. Nf3 Nc6 3. Bb5 a6 4. Ba4 Nf6 5. 0-0 Be7 6. Re1 0-0 7. Bxc6 dxc6 8. Nxe5 Re8 9. d3 Nd7 10. Nf3 c5 11. Nc3 Bd6 12. Be3 b5 13. a4 b4 14. Ne2 Qf6 15. Rb1 a5 16. b3 Ne5 17. Nxe5 Bxe5 18. f4 Bd4 19. Qd2 Ra6 20. Bxd4 cxd4 21. f5 Bb7 22. Qf4 Qd6 23. Qf2 c5 24. Rf1 Qe5 25. g4 Bc6 26. g5 Bd7 27. Nf4 c4 28. Qh4 f6 29. gxf6 cxb3 30. cxb3 Rxf6 31. Rbc1 Qd6 32. Rf2 Rff8 33. Rg2 Rc8 34. Rf1 Qf6 35. Qg4 Qh6 36. Kh1 Rf7 37. Rfg1 Rc5 38. Qg3 Qd6 39. Qh4 Bxf5 40. exf5 Rcxf5 41. Nh5 Qd5 42. Ng3 Rg5 43. Qe4 Qd7 44. Rf1 Rxf1+ 45. Nxf1 Rf5 46. Ng3 Rf8 47. Ne2 h6 48. Qxd4 Qb7 49. Kg1 Re8 50. Nf4 Re1+ 51. Kf2 Rc1 52. h4 Qe7 53. Qd5+ Kh7 54. Qf5+ Kg8 55. Qe6+ Qxe6 56. Nxe6 Kf7 57. Nd8+ Kf6 58. Nb7 Rc2+ 59. Kf3 Rc3 60. Nxa5 Rxd3+ 61. Ke4 Rh3 62. Kd5 h5 63. Rf2+ Kg6 64. Nc4 Rd3+ 65. Kc5 1-0

[Event "OP-2019-0-04784"]
[Site "LSS email"]
[Date "2019.05.26"]
[Round "?"]
[White "Richter, Klaus"]
[Black "Pech, Jaroslav Sr"]
[Result "1/2-1/2"]
[WhiteElo "1752"]
[BlackElo "1789"]
[PlyCount "122"]
[EventDate "2019.05.18"]
[EventType "tourn (corr)"]
[EventRounds "4"]
[EventCountry "GER"]
[SourceTitle "Corr 2022"]
[Source "ChessBase"]
[SourceDate "2021.10.24"]
[SourceVersion "1"]
[SourceVersionDate "2021.10.24"]
[SourceQuality "1"]

1. d4 d5 2. e4 e6 3. Nc3 Bb4 4. e5 c5 5. a3 Bxc3+ 6. bxc3 Ne7 7. Bd3 Nbc6 8. Qg4 Qa5 9. Bd2 c4 10. Be2 0-0 11. Nf3 f6 12. exf6 Rxf6 13. Ne5 Nxe5 14. dxe5 Rf7 15. 0-0 Bd7 16. h4 Nf5 17. Qh3 Ba4 18. Ra2 Rc8 19. Bh5 Rd7 20. Rd1 Rf8 21. Be2 Qc7 22. Re1 d4 23. h5 Bxc2 24. Rxc2 d3 25. Rb2 dxe2 26. Qg4 Qc5 27. Reb1 Rd3 28. Be1 b6 29. Rxe2 Rg3 30. Qf4 g5 31. Qe4 Nh4 32. Rb5 Rxg2+ 33. Qxg2 Nxg2 34. Rxc5 Nf4 35. Rxc4 Nxe2+ 36. Kf1 Ng3+ 37. Kg2 Nxh5 38. Bd2 Nf4+ 39. Bxf4 Rxf4 40. Rc6 Kf7 41. Rc7+ Kg6 42. Rxa7 h5 43. Rb7 Ra4 44. Rxb6 Kf5 45. Rb8 Rxa3 46. c4 Kxe5 47. c5 Rc3 48. Rg8 Kf5 49. Rf8+ Kg4 50. Re8 Rxc5 51. Rxe6 Kf4 52. Rf6+ Rf5 53. Rh6 h4 54. f3 Rf8 55. Ra6 Rd8 56. Ra4+ Kf5 57. Ra5+ Kf6 58. Ra6+ Ke5 59. Kf2 Rd2+ 60. Ke3 Rd5 61. Ra8 Kf5 1/2-1/2